| 000 | 00784nam a22002057a 4500 | ||
|---|---|---|---|
| 999 |
_c12077 _d12077 |
||
| 003 | AR-CdUCM | ||
| 008 | 190405b ||||| |||| 00| 0 eng d | ||
| 040 |
_aMUNICIPALIDAD PROVINCIAL DEL CUSCO _cBIBLIOTECA MUNICIPAL DEL CUSCO |
||
| 082 |
_28ed. _a520 / _bF61 / 1923 |
||
| 100 |
_aFlammarion, Camilo _926984 |
||
| 245 | _aElementos de AstronomÃa / | ||
| 260 |
_aParis _bLiberia de la Vda de Che.Bouret, _c1923. |
||
| 300 |
_a172 paginas ; _c18 cm. |
||
| 505 | _aContenido :Objeto e importancia de la Astronomia --La tierra es redonda --La tierra se sostiene sin apoyo en el espacio --La tierra gira al rededor de si misma ... | ||
| 650 |
_aAstronomÃa _920572 |
||
| 650 |
_aPlanetas _918636 |
||
| 650 |
_aSistema solar _926751 |
||
| 942 |
_2ddc _cLIBROS |
||
| 945 |
_arjall _d2019-04-05 |
||